|
|
|
|
| LEADER |
00000cam a2200000 7i4500 |
| 001 |
0000002069 |
| 005 |
20151222.0 |
| 020 |
|
|
|a 9832642477
|
| 090 |
0 |
0 |
|a JF
|b ENG
|
| 100 |
1 |
|
|a P.N Fasma
|
| 245 |
1 |
0 |
|a Second change
|c P.N.Fasma
|
| 260 |
|
|
|a Kuala Lumpur :
|b Pustaka Buana ,
|c 2004
|
| 440 |
|
|
|a Cheerful novella readers
|
| 500 |
|
|
|a Children ages 10-12 years old (pink)
|
| 650 |
|
0 |
|a Junior fiction
|x English
|x Languages
|
| 999 |
|
|
|a 0000919308
|b Book
|c Children Collection
|e Cawangan Bukit Gambir
|
| 999 |
|
|
|a 0000966703
|b Book
|c Children Collection
|e Cawangan Bandar Tenggara
|
| 999 |
|
|
|a 0000966704
|b Book
|c Children Collection
|e Cawangan Muar
|
| 999 |
|
|
|a 0000974941
|b Book
|c Children Collection
|e Cawangan Pontian
|
| 999 |
|
|
|a 0001051341
|b Book
|c Children Collection
|e Cawangan Segamat
|
| 999 |
|
|
|a 000911380
|b Book
|c Teenagers
|e Cawangan Bandar Tenggara
|